Planificación de proyecto : Construcción de colectoras del sistema de alcantarillado sanitario de la ciudad de Managua

Este proyecto trata de la construcción de colectoras del sistema de alcantarillado sanitario de la ciudad de Managua en donde ENACAL da inicio al saneamiento del Lago y la ciudad de Managua como primera fase para la construcción de colectoras del sistema de alcantarillado sanitario. Para la realiz...

Full description

Bibliographic Details
Main Author: Traña Barquero, Marlon Antonio
Other Authors: Tutor: Toruño Villavicencio, Mayra
Format: Tesis Section = Libro
Language:Undetermined
Spanish
Published: Managua UNI 2003
Subjects:
LEADER 01243nam a2200229Ia 4500
008 240830s9999 xx 000 0 und d
040 |a BIBLIOTECA-RUPAP Mon 628.25 T758 
041 |a spa 
082 |a Mon 628.25 T758 
100 1 |a Traña Barquero, Marlon Antonio 
245 1 0 |a Planificación de proyecto : Construcción de colectoras del sistema de alcantarillado sanitario de la ciudad de Managua 
260 |a Managua  |b UNI  |c 2003 
300 |a 164 p. :il. 
500 |a Contiene: anexo y mapa. 
502 |a Tesis (Ingeniero Civil)- UNI, 2003. 
520 3 |a Este proyecto trata de la construcción de colectoras del sistema de alcantarillado sanitario de la ciudad de Managua en donde ENACAL da inicio al saneamiento del Lago y la ciudad de Managua como primera fase para la construcción de colectoras del sistema de alcantarillado sanitario. Para la realización de este proyecto es necesaria la planificación para el estudio de los recursos humanos técnicos y financieros en donde enfoca proceso operativo para ejecución del proyecto. 
650 7 |a ALCANTARILLADO SANITARIO-COLECTORAS 
650 7 |b  SISTEMA DE ALCANTARILLA 
700 1 |a Tutor:  |b Toruño Villavicencio, Mayra 
942 |c BK  |2 ddc 
991 |a TESIS 
999 |c 16372